Palau-visa - Statistics

Yleistilastot
  • Tätä visaa on pelattu 214 kertaa
  • Keskiarvotulos 9 / 15
Vastaustilastot
Vihje Vastaus % Oikein
Viralliset kielet Englanti
97%
Viralliset kielet Palau
93%
Valtio, josta Palau itsenäistyi 1994 Yhdysvallat
93%
Valtio, joka osti saaret yllä olevalta, ja hallitsi niitä 1914 asti Saksa
90%
Valtio, jonka siirtomaa Palau oli 1574–1898 Espanja
87%
Valtio, joka hallitsi Palauta vuodesta 1914 vuoteen 1944 Japani
86%
Oseanian osa-alue, jossa Palau sijaitsee Mikronesia
84%
Valuutta {Yhdysvaltain} dollari
65%
Pääkaupunki Ngerulmud
59%
Vuonna 2009 Palau perusti ensimmäisen tämän merieläimen suojelualueen Hai
54%
Palaun toiseksi suurin etninen ryhmä Filippiiniläiset
37%
Järvi, jossa elää miljoonia yhdenlaisia merieläimiä {Meduusa}järvi
35%
Väkirikkain saari Koror
22%
Saaristo, johon Palau kuuluu Karoliinit
18%
Noin kahdestasadasta metsäisestä saaresta koostuva maailmanperintökohde {Rock}saaret
13%
Ehtoja vastaavia visoja ei löytynyt
Tulosjakauma
Jokaisen tuloksen saaneiden osuus
Persentiili vastausten määrän mukaan
Tuloshistoriasi
Et ole pelannut tätä visaa